[Event "13. Festival Chambery 2007"]
[Site "Chambery FRA"]
[Date "2007.08.04"]
[Round "8.1"]
[White "Stets, Dmitry"]
[Black "Brunner, Nicolas"]
[Result "1-0"]
[WhiteElo "2390"]
[BlackElo "2435"]
[PlyCount "71"]
[EventDate "2007.07.28"]
[EventType "swiss"]
[EventRounds "9"]
[EventCountry "FRA"]
[Source "lmi"]
[SourceDate "2007.07.28"]

1. e4 c5 2. Nf3 d6 3. d4 cxd4 4. Nxd4 Nf6 5. Nc3 g6 6. Be3 Bg7 7. f3 O-O 8. Qd2
Nc6 9. Bc4 Bd7 10. h4 Rc8 11. Bb3 h5 12. O-O-O Ne5 13. Bh6 Nc4 14. Bxc4 Rxc4
15. Bxg7 Kxg7 16. Kb1 Qa5 17. Nb3 Qc7 18. g4 Rxc3 19. bxc3 hxg4 20. h5 Rc8 21.
hxg6 fxg6 22. Qh6+ Kf7 23. Rd3 Qb6 24. fxg4 Bxg4 25. Qf4 Bh5 26. e5 dxe5 27.
Qxe5 Qe6 28. Qd4 Qe4 29. Rg1 b6 30. Kb2 Rc7 31. Qd8 Qc6 32. Re1 Rd7 33. Nd4 Qg2
34. Nf5 gxf5 35. Rxd7 Nxd7 36. Rxe7+ 1-0

[Event "13. Festival Chambery 2007"]
[Site "Chambery FRA"]
[Date "2007.08.04"]
[Round "8.5"]
[White "Magem Badals, Jordi"]
[Black "Schuermans, Robert"]
[Result "1-0"]
[WhiteElo "2471"]
[BlackElo "2277"]
[PlyCount "95"]
[EventDate "2007.07.28"]
[EventType "swiss"]
[EventRounds "9"]
[EventCountry "FRA"]
[Source "lmi"]
[SourceDate "2007.07.28"]

1. e4 e5 2. Nf3 Nc6 3. Bb5 f5 4. Bxc6 dxc6 5. Nc3 fxe4 6. Nxe4 Nf6 7. Qe2 Bg4
8. h3 Bxf3 9. Qxf3 Qd5 10. d3 Be7 11. Bg5 O-O 12. Bxf6 Bxf6 13. O-O Rad8 14. b3
Qd4 15. Rae1 Rf7 16. Re2 Rdf8 17. Qe3 Qxe3 18. Rxe3 Be7 19. Rfe1 g6 20. R1e2
Kg7 21. Nd2 Bc5 22. Rf3 Bd4 23. Rxf7+ Kxf7 24. Nf3 Kf6 25. Nxd4 exd4 26. f4 Rd8
27. Kf2 Rd5 28. Kf3 g5 29. g4 gxf4 30. Kxf4 Ra5 31. a4 h5 32. Rg2 hxg4 33. hxg4
Rd5 34. Rh2 Rd7 35. Rh6+ Kg7 36. Re6 Kf7 37. Re5 Rd8 38. b4 b6 39. Ke4 Rd6 40.
g5 Rd8 41. Rf5+ Ke7 42. Rf6 Rg8 43. Kf5 c5 44. bxc5 bxc5 45. g6 Rh8 46. Rf7+
Kd6 47. g7 Rg8 48. Kg6 1-0

[Event "13. Festival Chambery 2007"]
[Site "Chambery FRA"]
[Date "2007.08.04"]
[Round "8.6"]
[White "Clement, Olivier"]
[Black "Campos Moreno, Javier"]
[Result "0-1"]
[WhiteElo "2135"]
[BlackElo "2446"]
[PlyCount "80"]
[EventDate "2007.07.28"]
[EventType "swiss"]
[EventRounds "9"]
[EventCountry "FRA"]
[Source "lmi"]
[SourceDate "2007.07.28"]

1. e4 e5 2. Nf3 Nc6 3. Bb5 a6 4. Ba4 Nf6 5. O-O Be7 6. Re1 b5 7. Bb3 d6 8. c3
O-O 9. h3 Na5 10. Bc2 c5 11. d4 Nd7 12. Nbd2 cxd4 13. cxd4 Nc6 14. d5 Nb4 15.
Bb1 a5 16. Nf1 a4 17. Bd2 Na6 18. Ne3 Nb6 19. g4 Nc5 20. Bb4 Bf6 21. Kh2 Bd7
22. Rg1 g6 23. Qe2 Qe7 24. Bc2 Rfc8 25. Rg2 Nc4 26. Nxc4 bxc4 27. Rag1 Rab8 28.
Bc3 Bb5 29. g5 Bg7 30. Qe3 Nd3 31. Nh4 Qd7 32. Bxd3 cxd3 33. Qf3 a3 34. Nf5
gxf5 35. exf5 axb2 36. g6 fxg6 37. fxg6 h6 38. Bxb2 Rf8 39. Qg3 Bc4 40. Bc1
Bxd5 0-1

[Event "13. Festival Chambery 2007"]
[Site "Chambery FRA"]
[Date "2007.08.04"]
[Round "8.7"]
[White "Gesing, Oliver"]
[Black "Estremera Panos, Sergio"]
[Result "0-1"]
[WhiteElo "2178"]
[BlackElo "2375"]
[PlyCount "49"]
[EventDate "2007.07.28"]
[EventType "swiss"]
[EventRounds "9"]
[EventCountry "FRA"]
[Source "lmi"]
[SourceDate "2007.07.28"]

1. e4 e5 2. Nf3 Nc6 3. c3 d5 4. Qa4 Bd7 5. exd5 Nd4 6. Qd1 Nxf3+ 7. Qxf3 Bd6 8.
Bc4 f5 9. d3 Nf6 10. Bg5 O-O 11. O-O Qe8 12. Nd2 Ng4 13. Qe2 Qh5 14. h3 Qxg5
15. hxg4 fxg4 16. Ne4 Qh5 17. Qe3 Rf4 18. Bb3 Raf8 19. Bd1 b6 20. b4 R8f6 21.
Nxf6+ Rxf6 22. Re1 e4 23. Kf1 Qh1+ 24. Ke2 Qxg2 25. Kd2 0-1

[Event "13. Festival Chambery 2007"]
[Site "Chambery FRA"]
[Date "2007.08.04"]
[Round "8.8"]
[White "Marzolf, Bruno"]
[Black "Calzetta, Monica"]
[Result "1-0"]
[WhiteElo "2254"]
[BlackElo "2278"]
[PlyCount "79"]
[EventDate "2007.07.28"]
[EventType "swiss"]
[EventRounds "9"]
[EventCountry "FRA"]
[Source "lmi"]
[SourceDate "2007.07.28"]

1. e4 c5 2. Nf3 Nc6 3. Bb5 e5 4. Bxc6 dxc6 5. d3 f6 6. Be3 Bd6 7. Nc3 Ne7 8.
Qd2 Be6 9. b3 Ng6 10. Ne2 O-O 11. h3 a5 12. a4 Rf7 13. g4 Rd7 14. O-O Nf8 15.
Ng3 Bf7 16. Nf5 Ne6 17. Ne1 Bc7 18. Ng2 b5 19. f3 h5 20. Qf2 Bb6 21. Kh1 Rb8
22. Qg3 c4 23. bxc4 bxc4 24. dxc4 hxg4 25. Qxg4 Kf8 26. Rg1 Bxe3 27. Ngxe3 Bg8
28. Qh5 Nf4 29. Qh8 g6 30. Qh6+ Kf7 31. Rxg6 Nxg6 32. Qg7+ Ke6 33. Qxg6 Rd2 34.
Rg1 Qf8 35. Qg4 Bf7 36. c5 Qxc5 37. Nh6+ Kd6 38. Nxf7+ Kc7 39. Qg7 Qxe3 40.
Nxe5+ 1-0

[Event "13. Festival Chambery 2007"]
[Site "Chambery FRA"]
[Date "2007.08.04"]
[Round "8.9"]
[White "Claverie, Christophe"]
[Black "Massoni, Michael"]
[Result "1-0"]
[WhiteElo "2344"]
[BlackElo "2108"]
[PlyCount "101"]
[EventDate "2007.07.28"]
[EventType "swiss"]
[EventRounds "9"]
[EventCountry "FRA"]
[Source "lmi"]
[SourceDate "2007.07.28"]

1. e4 c5 2. Nf3 e6 3. Qe2 Nc6 4. c3 Qc7 5. g3 g6 6. Bg2 Bg7 7. O-O Nge7 8. Re1
d6 9. d3 O-O 10. Be3 e5 11. Qd2 f5 12. exf5 Nxf5 13. Na3 Nxe3 14. Qxe3 Ne7 15.
Nc4 b5 16. Ncd2 Rb8 17. Qe2 Nc6 18. Ng5 Kh8 19. Bd5 Ne7 20. Bg2 h6 21. Ngf3 Bb7
22. d4 cxd4 23. cxd4 Nc6 24. dxe5 dxe5 25. Rac1 Qb6 26. Nb3 Nd4 27. Nfxd4 exd4
28. Bxb7 Rxb7 29. Nc5 Rbf7 30. Nd3 g5 31. Rc2 Rc7 32. Rec1 Rfc8 33. Rxc7 Rxc7
34. Qe8+ Kh7 35. Rxc7 Qxc7 36. Qxb5 Qc2 37. Qf5+ Kg8 38. a3 Qb3 39. h3 a5 40.
Qe4 a4 41. Kg2 Qc2 42. h4 Qb3 43. hxg5 hxg5 44. Kh3 Qc2 45. Kg4 Qd2 46. Kh5 Qa5
47. Qe6+ Kh7 48. Qg6+ Kh8 49. Qxg5 Qa6 50. Qf5 Qd6 51. Kg4 1-0

[Event "13. Festival Chambery 2007"]
[Site "Chambery FRA"]
[Date "2007.08.04"]
[Round "8.10"]
[White "Py, Walter"]
[Black "Safranska, Anda"]
[Result "0-1"]
[WhiteElo "2119"]
[BlackElo "2301"]
[PlyCount "90"]
[EventDate "2007.07.28"]
[EventType "swiss"]
[EventRounds "9"]
[EventCountry "FRA"]
[Source "lmi"]
[SourceDate "2007.07.28"]

1. d4 d6 2. g3 g6 3. Bg2 Bg7 4. Nf3 Nf6 5. O-O O-O 6. c4 Nc6 7. Nc3 a6 8. d5
Na5 9. Qd3 c5 10. dxc6 Nxc6 11. Bg5 h6 12. Bd2 Bf5 13. e4 Bg4 14. h3 Bxf3 15.
Qxf3 Nd7 16. Qd1 Rc8 17. Rc1 Kh7 18. b3 Bd4 19. Ne2 Bb2 20. Rc2 Bg7 21. Bc3 b5
22. cxb5 axb5 23. Bxg7 Kxg7 24. Qa1+ Kh7 25. Rfc1 Qb6 26. Nf4 Qa6 27. Bf1 Qb7
28. Nd5 e5 29. b4 Kg7 30. Qc3 Nf6 31. Qd3 Nd4 32. Rc7 Rxc7 33. Rxc7 Qb8 34. Rc1
Nxd5 35. exd5 Qa8 36. Bg2 Qxa2 37. Rc6 Qa1+ 38. Kh2 Rd8 39. Rc7 Qb2 40. f4 exf4
41. gxf4 Qxb4 42. Be4 Ra8 43. Bg2 Nf5 44. Qf1 Ra2 45. Qc1 Qe4 0-1

[Event "13. Festival Chambery 2007"]
[Site "Chambery FRA"]
[Date "2007.08.04"]
[Round "8.12"]
[White "Knors, Rudy"]
[Black "Vilar Lopez, Monica"]
[Result "0-1"]
[WhiteElo "2093"]
[BlackElo "2178"]
[PlyCount "68"]
[EventDate "2007.07.28"]
[EventType "swiss"]
[EventRounds "9"]
[EventCountry "FRA"]
[Source "lmi"]
[SourceDate "2007.07.28"]

1. d4 d5 2. Nf3 e6 3. c4 c5 4. cxd5 exd5 5. g3 Nf6 6. Bg2 Be7 7. O-O O-O 8.
dxc5 Bxc5 9. Nbd2 Nc6 10. Nb3 Be7 11. Nbd4 Qb6 12. Qd3 Ne4 13. Nb3 Rd8 14. Nfd4
Ne5 15. Qb1 Bf6 16. e3 a5 17. Nd2 Nc5 18. N2f3 Nxf3+ 19. Nxf3 g6 20. Qc2 Bf5
21. Qd2 Ne6 22. Rd1 d4 23. Re1 dxe3 24. Qxe3 Nd4 25. Nxd4 Bxd4 26. Qf4 Rac8 27.
Be3 Bxe3 28. Rxe3 Qxb2 29. Rae1 b5 30. Re7 Qd4 31. R1e4 Qa1+ 32. Re1 Rd1 33.
Qe5 Qxe5 34. R7xe5 Rcc1 0-1

[Event "13. Festival Chambery 2007"]
[Site "Chambery FRA"]
[Date "2007.08.05"]
[Round "9.7"]
[White "Vilar Lopez, Monica"]
[Black "Claverie, Christophe"]
[Result "1/2-1/2"]
[WhiteElo "2178"]
[BlackElo "2344"]
[PlyCount "63"]
[EventDate "2007.07.28"]
[EventType "swiss"]
[EventRounds "9"]
[EventCountry "FRA"]
[Source "lmi"]
[SourceDate "2007.07.28"]

1. e4 c5 2. Nc3 Nc6 3. g3 g6 4. Bg2 Bg7 5. d3 d6 6. Be3 e6 7. Qd2 Qa5 8. Nge2
Nd4 9. O-O Ne7 10. f4 f5 11. Rae1 Nec6 12. Nc1 O-O 13. Nb3 Nxb3 14. axb3 Bd7
15. Kh1 a6 16. Qf2 Qc7 17. e5 b6 18. exd6 Qxd6 19. Na4 Qc7 20. c3 Rab8 21. Ra1
Rfe8 22. b4 cxb4 23. Nxb6 bxc3 24. bxc3 Ne7 25. Nxd7 Qxd7 26. Rxa6 Qxd3 27.
Rxe6 Bxc3 28. Qa2 Kg7 29. Qa7 Kf7 30. Qa2 Kg7 31. Qa7 Kf7 32. Qa2 1/2-1/2

[Event "13. Festival Chambery 2007"]
[Site "Chambery FRA"]
[Date "2007.08.05"]
[Round "9.11"]
[White "Sonnet, Jean Pierre"]
[Black "Gesing, Oliver"]
[Result "1/2-1/2"]
[WhiteElo "2123"]
[BlackElo "2178"]
[PlyCount "68"]
[EventDate "2007.07.28"]
[EventType "swiss"]
[EventRounds "9"]
[EventCountry "FRA"]
[Source "lmi"]
[SourceDate "2007.07.28"]

1. e4 e6 2. d3 d5 3. Nd2 Nf6 4. Ngf3 c5 5. g3 Nc6 6. Bg2 Be7 7. O-O Qc7 8. Re1
dxe4 9. dxe4 e5 10. c3 Be6 11. Qe2 O-O 12. Nf1 h6 13. Nh4 Rfe8 14. Ne3 Rad8 15.
Nhf5 Bf8 16. Qf3 Nh7 17. Nd5 Qc8 18. g4 Bxd5 19. exd5 e4 20. Qf4 Rxd5 21. Bxe4
Ng5 22. Kg2 Rde5 23. f3 Nxe4 24. fxe4 Qe6 25. Ng3 Rg5 26. h3 Bd6 27. Qf2 Bxg3
28. Kxg3 Re5 29. Bd2 Rxe4 30. Qxc5 Qd7 31. Qf2 Qd3+ 32. Qf3 Ne5 33. Qxd3 Nxd3
34. Rxe4 Rxe4 1/2-1/2

[Event "13. Festival Chambery 2007"]
[Site "Chambery FRA"]
[Date "2007.08.05"]
[Round "9.14"]
[White "Dugailliez, Guy"]
[Black "Py, Walter"]
[Result "1/2-1/2"]
[WhiteElo "2020"]
[BlackElo "2119"]
[PlyCount "65"]
[EventDate "2007.07.28"]
[EventType "swiss"]
[EventRounds "9"]
[EventCountry "FRA"]
[Source "lmi"]
[SourceDate "2007.07.28"]

1. e4 e5 2. f4 exf4 3. Nc3 Qh4+ 4. Ke2 d6 5. Nf3 Bg4 6. Nd5 Na6 7. Qe1 Qd8 8.
h3 Bd7 9. Kd1 Nf6 10. Nxf4 Be7 11. d4 O-O 12. Bd3 c5 13. e5 dxe5 14. dxe5 Ne8
15. Nd5 Bc6 16. Qe4 g6 17. Nxe7+ Qxe7 18. Bg5 Qd7 19. Qh4 Ng7 20. Ke2 Rfe8 21.
Rhe1 Nb4 22. Rad1 Nxd3 23. Rxd3 Nf5 24. Qf4 Qe6 25. g4 Nd4+ 26. Nxd4 Qxe5+ 27.
Qxe5 Rxe5+ 28. Be3 cxd4 29. Rxd4 Rae8 30. Kd2 f5 31. Bf2 Rxe1 32. Bxe1 fxg4 33.
hxg4 1/2-1/2

[Event "13. Festival Chambery 2007"]
[Site "Chambery FRA"]
[Date "2007.08.05"]
[Round "9.15"]
[White "Guglieimi, Dante"]
[Black "Linais, Laurent"]
[Result "1/2-1/2"]
[WhiteElo "1991"]
[BlackElo "2145"]
[PlyCount "38"]
[EventDate "2007.07.28"]
[EventType "swiss"]
[EventRounds "9"]
[EventCountry "FRA"]
[Source "lmi"]
[SourceDate "2007.07.28"]

1. c4 Nf6 2. Nc3 g6 3. g3 Bg7 4. Bg2 O-O 5. e3 d6 6. Nge2 e5 7. d4 c6 8. O-O
Be6 9. Qd3 Na6 10. a3 exd4 11. exd4 Bf5 12. Qd1 Re8 13. b4 d5 14. cxd5 Nxd5 15.
Nxd5 cxd5 16. Nc3 Nc7 17. Be3 Qd7 18. Re1 Rac8 19. Rc1 Be6 1/2-1/2